000 00672nam a2200241 i 4500
001 bg
100 1 _aCZECH, Ludmiła
245 1 0 _aUniwersalna konstrukcja stożkowych /
_cLudmiła Czech ; Politechnika Częstochowska.
260 _aCzęstochowa :
_bWydaw. PC,
_c2001.
300 _a37 s. :
_bil. ;
_c24 cm.
504 _aBibliogr. Indeks.
650 9 _aStożkowe
650 9 _aGeometria wykreślna
655 _aPodręczniki akademickie
710 0 _aPolitechnika Częstochowska
020 _a8371931565
040 _cBPK
041 0 _apl
080 _a514.18(075.8)
920 _a83-7193-156-5
942 _cKS
008 s pl f |000 0 pol
999 _c42152
_d42152
856 _uhttp://koha.tu.koszalin.pl/cgi-bin/koha/opac-detail.pl?biblionumber=42152
_yKatalog online BPK